000
00324 a2200157 4500
001
74133
020
_a
857472-0224
040
_c
Anchieta - Colégio São Paulo
100
_a
Govone, Osvaldo Antonio
240
1
0
_a
Física
_l
por
245
1
0
_a
Física
300
_a
91
362
0
_a
2000
650
4
_a
Física
942
_c
BK
999
_c
74133
_d
74133